000
002910000a22001450004500
005
20120302062323.0
942
_c
BOOK
100
_a
Grey,Muriel
245
_a
Dreams
260
_a
London:Pan Books,1964.
300
_a
204p.
040
_a
ENG
650
_a
Psychology
650
_a
Dreams
999
_c
356382
_d
356379